000 005590000a22001930004500
020 _a84-7228-188-4
041 0 _aSPA
082 0 4 _aG 253.9 R582c
100 1 _aRinker, Rosalind
245 1 0 _aCómo testificar con eficacia / Rosalind Rinker ; Samuel Vila, Traductor
260 _aTerrassa, Barcelona, España : CLIE
300 _a158 Pag
500 _aTítulo original : You can witness with confidence
001 6516
942 _cBK
999 _c36786
_d36786
336 _atexto
_btxt
_2rdacontent
337 _2rdamedia
_asin mediación
_bn
338 _2rdacarrier
_avolumen
_bnc